Statistics for Type of Dinosaurs

Click here to take the quiz!

General Stats

  • This quiz has been taken 427 times
  • The average score is 4 of 11

Answer Stats

HintAnswer% Correct
Its cousin is the Gigantosaurus, its name means "spine lizard", it was featured in Jurassic Park 3 with its cousin the Gigantosaurus, and lived around 100 million years ago in what is now North Africaspinosaurus
91%
Its name comes from the Greek meaning "Tyrant Lizard", it had very tiny arms, it lived in what is now western North America, and lived in the late cretaceous period around 66 million years agotyrannosaurus rex
83%
this dinosaurs name means "swift seizer" and if not extinct it would today be the dominant species, it is featured in the Jurassic Park movies, and at a fully grown they would reach 6.6 feet longvelociraptor
78%
One of the largest meat eaters and bigger than the t-rex it weighed over 10 tons and was over 64 feet longGigantosaurus
40%
had a slim build and was named after the semicircular ridges on its head, alive during the early Jurassic 200-190 million years ago, and was about 20 feet long weighing about 1,000 pounds, and a carnivoredilophosaurus
22%
its name means "Fukui Lizard", its body is based on the skull scientists found because they couldn't fint the rest of its body and is based on similar dinosaurs, had a long thick body and narrow head, alive during the early Cretaceous about 110 million years agofukuisaurus
20%
its name comes from the Greek meaning "Chaoyang Lizard", lived during the middle-late Jurassic 170-145 million years ago, vegetarian, often described through a reference to triceritops, had a horned snoutchaoyangsaurus
13%
it was discovered in Asia, lived in the late cretaceous about 75 million years ago,had a crest on its head and had a toothless beak, lived and nested like modern birdscitipati
2%
this dinosaur is an omnivore, alive in the mid-Jurassic, it lived in what is now Germany, 6 feet long and 2 feet tallemausaurus
2%
this dinosaur is only known from its left hand, Ha (Egyptian god of the western desert) griffin, alive durin the late crusaceous about 75 million years ago, and had a large size with feathersHagryphus
2%
Scientists believe that this dinosaur was the exact dinosaur that birds come from, it was featured in the 2013 movie Walking With Dinosaurs, its feathers are not suitably structured so this dinosaur cant fly.Archaeoperyx
1%

Score Distribution

Percentile by Number Answered

Percent of People with Each Score

Your Score History

You have not taken this quiz